000 00649nam a2200229 i 4500
001 C2-0295916
003 PPAK
005 20180728074329.0
008 090408s2008 xxka|||| ||||| | eng d
020 _a9781906536046
040 _aPPAK
_beng
_cPPAK
_erda
082 0 4 _a358.4
_223
090 0 0 _a358.4
_bAIR
_dR
245 0 0 _aAir warfare :
_bfrom World War I to the latest superfighters
264 1 _aUnited Kingdom :
_bSandcastle Books ,
_c2008
300 _a320 pages :
_billustrations ;
_c31 cm
336 _2rdacontent
_atext
337 _2rdamedia
_aunmediated
338 _2rdacarrier
_avolume
650 1 0 _aAir warfare
942 _ddc
_cB
999 _c100420
_d100420